00310nam a2200121Ia 4500008004100000082001800041100002100059245004900080250000800129260002400137300001000161650001700171150201s2013 xx 000 0 und d a612.015bR13V aVASUDEVEN , D.M. aREVISON EXERCISES- BASED TB. OF BIOCHEMISTRY a7TH bJAYPEEaDELHIc2013 a1-210 aBIOCHEMISTRY